000 00334 a2200133 4500
020 _a969474129
082 _a491.43903
090 _c5668
_d5668
245 _aUrdu Thesaurus
_cRafiq Khawar
260 _aIslamabad:
_bMuqtadara Qomi Zuban,
_c1996.
300 _a 795 p. ;
_c25 cm.
650 _aUrdu Thesaurus.
942 _cBK
_k491.43903 RAF
999 _c9514
_d9514